Catálogo público

Propuesta de establecimiento de una unidad de manejo de vida silvestre para pecarí de collar (Tayasuu tajacu, Linnaeus, 1758) en la cañada, Puerto de Palmas, Victoria, Guanajuato (Record no. 108026)

MARC details
000 -CABECERA
campo de control de longitud fija 01343nam a2200337 a 4500
001 - NÚMERO DE CONTROL
campo de control 000111564
003 - IDENTIFICADOR DEL NÚMERO DE CONTROL
campo de control CHAP
005 - FECHA Y HORA DE LA ÚLTIMA TRANSACCIÓN
campo de control 20220329144218.0
008 - DATOS DE LONGITUD FIJA--INFORMACIÓN GENERAL
campo de control de longitud fija 150616s2015 mx a |sm |||||||spa d
010 ## - NÚMERO DE CONTROL DE LA BIBLIOTECA DEL CONGRESO
Número de control de LC 108026
011 ## - ENLACE DEL NUMERO DE CONTROL DE LA BIBLIOTECA DEL CONGRESO [OBSOLETO]
Número de control de LC 108998
040 ## - FUENTE DE LA CATALOGACIÓN
Centro/agencia transcriptor CHAP
090 ## - LOCALMENTE ASIGNADO TIPO-LC NÚMERO DE CLASIFICACIÓN (OCLC); NÚMERO DE CLASIFICACIÓN LOCAL (RLIN)
Número de clasificación (OCLC) (R) ; Numero de clasificación, CALL (RLIN) (NR) Tesis
100 1# - ENTRADA PRINCIPAL--NOMBRE DE PERSONA
Nombre de persona Guevara Arvizu, Rosa María
9 (RLIN) 129442
245 10 - MENCIÓN DE TÍTULO
Título Propuesta de establecimiento de una unidad de manejo de vida silvestre para pecarí de collar (Tayasuu tajacu, Linnaeus, 1758) en la cañada, Puerto de Palmas, Victoria, Guanajuato
Medio [En línea]
Mención de responsabilidad, etc. por Rosa María Guevara Arvizu.
260 ## - PUBLICACIÓN, DISTRIBUCIÓN, ETC.
Lugar de publicación, distribución, etc. Chapingo, Méx. :
Nombre del editor, distribuidor, etc. El autor,
Fecha de publicación, distribución, etc. 2015.
500 ## - NOTA GENERAL
Nota general Para ver el contenido del material haga clic en la liga
502 ## - NOTA DE TESIS
Nota de tesis Tesis (Ing. en Restauración Forestal) -- UACH. División de Ciencias Forestales
590 ## - NOTA LOCAL (RLIN)
Nota local BATCH-UPD
Procedencia (VM) [OBSOLETO] 05
Condición del los carretes individuales (VM) [OBSOLETO] 20150616
-- UCH01
-- 1414
590 ## - NOTA LOCAL (RLIN)
Nota local E11695DGD
Procedencia (VM) [OBSOLETO] 10
Condición del los carretes individuales (VM) [OBSOLETO] 20150618
-- UCH01
-- 0924
590 ## - NOTA LOCAL (RLIN)
Nota local E5652GLJ
Procedencia (VM) [OBSOLETO] 05
Condición del los carretes individuales (VM) [OBSOLETO] 20150616
-- UCH01
-- 1250
590 ## - NOTA LOCAL (RLIN)
Nota local E5652GLJ
Procedencia (VM) [OBSOLETO] 05
Condición del los carretes individuales (VM) [OBSOLETO] 20150616
-- UCH01
-- 1250
590 ## - NOTA LOCAL (RLIN)
Nota local E5652GLJ
Procedencia (VM) [OBSOLETO] 05
Condición del los carretes individuales (VM) [OBSOLETO] 20150616
-- UCH01
-- 1413
650 14 - PUNTO DE ACCESO ADICIONAL DE MATERIA--TÉRMINO DE MATERIA
Término de materia o nombre geográfico como elemento de entrada Pecarí
Subdivisión general Cautiverio.
9 (RLIN) 129458
650 14 - PUNTO DE ACCESO ADICIONAL DE MATERIA--TÉRMINO DE MATERIA
Término de materia o nombre geográfico como elemento de entrada Pecarí
Subdivisión general Producción.
9 (RLIN) 129459
650 14 - PUNTO DE ACCESO ADICIONAL DE MATERIA--TÉRMINO DE MATERIA
Término de materia o nombre geográfico como elemento de entrada Vida silvestre
Subdivisión general Conservación
Subdivisión geográfica Guanajuato.
9 (RLIN) 129379
856 ## - LOCALIZACIÓN Y ACCESO ELECTRÓNICOS
Nombre del host Finding aid
Identificador Uniforme del Recurso <a href="http://10.13.5.2/tesis/sist111564.pdf">http://10.13.5.2/tesis/sist111564.pdf</a>
Nota pública Teclea aquí
901 ## - ELEMENTOS DE DATOS A LOCAL LDA (RLIN)
a BK
942 ## - ELEMENTOS DE PUNTO DE ACCESO ADICIONAL (KOHA)
Tipo de ítem Koha Tesis
942 ## - ELEMENTOS DE PUNTO DE ACCESO ADICIONAL (KOHA)
Suprimir en OPAC 0
Holdings
Estado de retiro Estado de pérdida Estado dañado Restricciones de uso No para préstamo Código de colección Localización permanente Ubicación/localización actual Fecha de adquisición Información codificada de la localización en otra ubicación Total de préstamos Signatura topográfica completa Código de barras Fecha visto por última vez Precio válido a partir de Tipo de ítem Koha Nota pública Fuente del sistema de clasificación o colocación Ubicación en estantería Número de copia
      Préstamo interno2 Excluido de préstamo Tesis Biblioteca Central Biblioteca Central 16/06/2015 TESIS   Tesis 33724002486199 31/12/2019 31/12/2019 Tesis Recien adquirido      
      Préstamo 3 días   Tesis Biblioteca Central Biblioteca Central 16/06/2015 TESIS   Tesis 33724002486231 31/12/2019 31/12/2019 Tesis   Clasificación Universidad Autónoma de Chapingo Planta alta - Área de Tesis - Tesis c.2